[Event "Titled Tuesday intern op 23rd Apr Late"]
[Site "Chess.com INT"]
[Date "2024.04.23"]
[Round "10"]
[White "Romero Ruscalleda, Josep"]
[Black "D'Arruda, Ricardo D"]
[Result "0-1"]
[WhiteElo "2153"]
[BlackElo "2271"]
[PlyCount "74"]
[EventDate "2024.04.23"]
[EventType "swiss (blitz)"]
[EventRounds "11"]
[EventCountry "USA"]
[SourceTitle "CB18_2024"]
[SourceDate "2024.05.01"]
[SourceVersion "1"]
[SourceVersionDate "2024.05.01"]
[SourceQuality "2"]

1. e4 c5 2. c3 e6 3. d4 d5 4. e5 Nc6 5. Be3 cxd4 6. cxd4 Nge7 7. Nc3 Nf5 8. Nf3 Be7 9. Bd3 Nxe3 10. fxe3 0-0 11. 0-0 f5 12. exf6 Bxf6 13. Rf2 Bd7 14. a3 Qe7 15. Qc2 g6 16. Raf1 Rac8 17. Qb1 Bg7 18. Ne2 e5 19. dxe5 Nxe5 20. Nxe5 Qxe5 21. e4 Rxf2 22. Rxf2 Qxb2 23. Qxb2 Bxb2 24. exd5 Bxa3 25. Kf1 a5 26. Nf4 a4 27. Ne6 Bd6 28. Ke2 b5 29. Kd2 b4 30. Ba6 Rc3 31. h4 a3 32. h5 a2 33. hxg6 hxg6 34. Rf1 Ra3 35. Rf6 a1Q 36. Rxg6+ Kf7 37. Rg7+ Qxg7 0-1

[Event "Titled Tuesday intern op 23rd Apr Late"]
[Site "Chess.com INT"]
[Date "2024.04.23"]
[Round "6"]
[White "Yagupov, Igor"]
[Black "Romero Ruscalleda, Josep"]
[Result "1-0"]
[WhiteElo "2275"]
[BlackElo "2153"]
[PlyCount "77"]
[EventDate "2024.04.23"]
[EventType "swiss (blitz)"]
[EventRounds "11"]
[EventCountry "USA"]
[SourceTitle "CB18_2024"]
[SourceDate "2024.05.01"]
[SourceVersion "1"]
[SourceVersionDate "2024.05.01"]
[SourceQuality "2"]

1. Nf3 g6 2. e4 Bg7 3. d4 d6 4. Bc4 Nf6 5. e5 dxe5 6. Nxe5 0-0 7. 0-0 Nbd7 8. Nf3 Nb6 9. Bb3 Bf5 10. c3 Rc8 11. h3 c5 12. dxc5 Rxc5 13. Be3 Rc6 14. Qxd8 Rxd8 15. Nd4 Rcc8 16. Nxf5 gxf5 17. Na3 Nfd5 18. Bxd5 Nxd5 19. Bxa7 b6 20. Nb5 Rc5 21. a4 Ra8 22. Rfd1 e6 23. Kf1 Kf8 24. g3 Ke7 25. Ke2 Kd7 26. Bxb6 Rxb5 27. axb5 Rxa1 28. Rxa1 Nxb6 29. Ra7+ Ke8 30. Kd3 Be5 31. b3 Bb8 32. Ra6 Bc7 33. c4 Kd7 34. c5 Nd5 35. Ra7 Kc8 36. b6 Bb8 37. Rxf7 f4 38. g4 e5 39. Kc4 1-0

[Event "Titled Tuesday intern op 16th Apr Late"]
[Site "Chess.com INT"]
[Date "2024.04.16"]
[Round "2"]
[White "Aliyev, Ravan"]
[Black "Romero Ruscalleda, Josep"]
[Result "1-0"]
[WhiteElo "2352"]
[BlackElo "2153"]
[PlyCount "101"]
[EventDate "2024.04.16"]
[EventType "swiss (blitz)"]
[EventRounds "11"]
[EventCountry "USA"]
[SourceTitle "CB17_2024"]
[SourceDate "2024.04.24"]
[SourceVersion "1"]
[SourceVersionDate "2024.04.24"]
[SourceQuality "1"]

1. Nf3 g6 2. e4 Bg7 3. d4 d6 4. Bc4 Nf6 5. Qe2 0-0 6. h3 c6 7. e5 dxe5 8. dxe5 Nd5 9. 0-0 Be6 10. Rd1 Qc8 11. a4 Nc7 12. Nbd2 Nd7 13. Bxe6 Nxe6 14. Nc4 Qc7 15. a5 Rad8 16. Bd2 b5 17. axb6 axb6 18. Bc3 Ra8 19. Rxa8 Rxa8 20. Qe3 b5 21. Ncd2 b4 22. Bxb4 Nxe5 23. Nxe5 Bxe5 24. Nc4 Bf6 25. Bc3 Bxc3 26. Qxc3 Nf4 27. Qf3 Nd5 28. Qe4 Ra4 29. Qe2 Qb7 30. b3 Ra2 31. g3 Nc3 32. Rd8+ Kg7 33. Qe5+ f6 34. Qxc3 Qa6 35. Rd1 Qb5 36. Qe3 Kf7 37. Qd3 Qh5 38. Kg2 Ra8 39. Ne3 Qa5 40. Qc4+ Kg7 41. Qe6 Ra7 42. Rd7 Rxd7 43. Qxd7 Qe5 44. Qxc6 h5 45. Qd5 Qc3 46. Qe4 e5 47. Qc4 Qe1 48. Qc7+ Kh6 49. Qd8 f5 50. Qh8+ Kg5 51. h4# 1-0

[Event "Titled Tuesday intern op 16th Apr Late"]
[Site "Chess.com INT"]
[Date "2024.04.16"]
[Round "11"]
[White "Romero Ruscalleda, Josep"]
[Black "Melikhov, Evgeny V"]
[Result "0-1"]
[WhiteElo "2153"]
[BlackElo "2172"]
[PlyCount "110"]
[EventDate "2024.04.16"]
[EventType "swiss (blitz)"]
[EventRounds "11"]
[EventCountry "USA"]
[SourceTitle "CB17_2024"]
[SourceDate "2024.04.24"]
[SourceVersion "1"]
[SourceVersionDate "2024.04.24"]
[SourceQuality "1"]

1. e4 c5 2. c3 d5 3. exd5 Qxd5 4. Nf3 Nf6 5. Na3 e6 6. d4 Nc6 7. Be3 cxd4 8. Nb5 Qd8 9. Nbxd4 Nxd4 10. Bxd4 Be7 11. Bd3 0-0 12. Qe2 h6 13. 0-0-0 Qa5 14. Kb1 Bd7 15. Ne5 Bc6 16. Nxc6 bxc6 17. g4 Rab8 18. Ka1 c5 19. Be5 Rb6 20. Bc7 Nd5 21. Bxb6 axb6 22. Qe4 g6 23. h4 Ra8 24. Bc4 Bf6 25. Bxd5 exd5 26. Qxd5 Rd8 27. Qb3 Ra8 28. h5 g5 29. Rhe1 b5 30. a3 c4 31. Qb4 Qxb4 32. cxb4 Rxa3+ 33. Kb1 Rb3 34. Re2 c3 35. Rd6 Bg7 36. Rd8+ Kh7 37. Rc2 cxb2 38. Rd7 Ra3 39. Rxb2 Bxb2 40. Kxb2 Rf3 41. Rd5 Rxf2+ 42. Kb3 Rf3+ 43. Kb2 Rf4 44. Rxb5 Rxg4 45. Kb3 Rg1 46. Rf5 Kg7 47. b5 f6 48. Kc4 Rb1 49. Kc5 Kf7 50. Kd6 g4 51. Kc6 Ke6 52. Rf2 f5 53. Re2+ Kf6 54. b6 f4 55. Re8 Kg5 0-1

[Event "Titled Tuesday intern op 16th Apr Late"]
[Site "Chess.com INT"]
[Date "2024.04.16"]
[Round "3"]
[White "Romero Ruscalleda, Josep"]
[Black "Taichman, Ori"]
[Result "0-1"]
[WhiteElo "2153"]
[BlackElo "2329"]
[PlyCount "46"]
[EventDate "2024.04.16"]
[EventType "swiss (blitz)"]
[EventRounds "11"]
[EventCountry "USA"]
[SourceTitle "CB17_2024"]
[SourceDate "2024.04.24"]
[SourceVersion "1"]
[SourceVersionDate "2024.04.24"]
[SourceQuality "1"]

1. e4 c5 2. c3 d6 3. d4 Nf6 4. Bd3 e5 5. Nf3 Nc6 6. Be3 Ng4 7. Bg5 Be7 8. Bxe7 Qxe7 9. 0-0 exd4 10. cxd4 cxd4 11. Qa4 Nge5 12. Bb5 Nxf3+ 13. gxf3 0-0 14. Bxc6 Bh3 15. f4 Bxf1 16. Kxf1 bxc6 17. Qxc6 Rac8 18. Qd5 Rc1+ 19. Ke2 Qh4 20. Qxd4 Qg4+ 21. f3 Qg2+ 22. Qf2 Rc2+ 23. Nd2 Rxd2+ 0-1

[Event "Titled Tuesday intern op 23rd Jan Late"]
[Site "Chess.com INT"]
[Date "2024.01.23"]
[Round "3"]
[White "Tan, Ralph"]
[Black "Romero Ruscalleda, Josep"]
[Result "0-1"]
[WhiteElo "2016"]
[BlackElo "2160"]
[PlyCount "94"]
[EventDate "2024.01.23"]
[EventType "swiss (blitz)"]
[EventRounds "11"]
[EventCountry "USA"]
[SourceTitle "CB05_2024"]
[SourceDate "2024.01.31"]
[SourceVersion "1"]
[SourceVersionDate "2024.01.31"]
[SourceQuality "1"]

1. e4 g6 2. d4 Bg7 3. Nf3 d6 4. Bd3 a6 5. 0-0 b5 6. c3 Bb7 7. a4 Qd7 8. Qe2 c6 9. Na3 Nf6 10. Bg5 0-0 11. Rad1 bxa4 12. Nc4 Qc7 13. Rfe1 Re8 14. e5 dxe5 15. Nfxe5 Nbd7 16. Nxf7 Kxf7 17. Qe6+ Kf8 18. Ne5 Nxe5 19. dxe5 Bc8 20. Qc4 Nd5 21. e6 Kg8 22. Be4 Be5 23. g3 Bb7 24. f4 Qb6+ 25. Kg2 Ne3+ 26. Rxe3 Qxe3 27. h4 Bg7 28. f5 Qb6 29. fxg6 hxg6 30. Bxg6 Rf8 31. Bf7+ Kh8 32. Qg4 c5+ 33. Kh3 Rxf7 34. Qh5+ Kg8 35. Qxf7+ Kh8 36. Rf1 Rf8 37. Qh5+ Kg8 38. Rf7 Qxe6+ 39. Rf5 Qxf5+ 40. Kh2 Qf3 41. Kh3 Qxh5 42. g4 Qg6 43. Kg3 Qe4 44. h5 Qf3+ 45. Kh4 Qf2+ 46. Kh3 Qg2+ 47. Kh4 Qh2# 0-1

[Event "Titled Tuesday intern op 24th Oct Late"]
[Site "Chess.com INT"]
[Date "2023.10.24"]
[Round "5"]
[White "Bjelobrk, Igor"]
[Black "Romero Ruscalleda, Josep"]
[Result "1-0"]
[WhiteElo "2403"]
[BlackElo "2160"]
[PlyCount "79"]
[EventDate "2023.10.24"]
[EventType "swiss (blitz)"]
[EventRounds "11"]
[EventCountry "USA"]
[SourceTitle "Mega2024 Update 01"]
[Source "Chessbase"]
[SourceDate "2023.11.12"]
[SourceVersion "1"]
[SourceVersionDate "2023.11.12"]
[SourceQuality "1"]

1. d4 g6 2. e4 Bg7 3. Nf3 d6 4. Nbd2 Nd7 5. c3 c5 6. Bd3 b6 7. 0-0 Bb7 8. Re1 Ngf6 9. a4 0-0 10. h3 cxd4 11. cxd4 e5 12. d5 Nc5 13. Bc2 a5 14. b3 Ba6 15. Ba3 Rc8 16. Nc4 Bxc4 17. bxc4 Nfd7 18. Rb1 f5 19. Rb5 Qf6 20. Re2 Bh6 21. Nh2 Rf7 22. Nf3 f4 23. Qb1 Bf8 24. Bd1 g5 25. Reb2 h5 26. Nh2 Qg6 27. Bxc5 Rxc5 28. Rxc5 dxc5 29. Bf3 Rg7 30. Qd1 Rh7 31. d6 Rh6 32. Rd2 Kf7 33. Rd5 Ke8 34. Kf1 Kd8 35. Ke1 Bxd6 36. Bxh5 Qf6 37. Ng4 Qf8 38. Nxh6 Qxh6 39. Rxd6 Qg7 40. Bg4 1-0

[Event "Titled Tuesday intern op 24th Oct Late"]
[Site "Chess.com INT"]
[Date "2023.10.24"]
[Round "3"]
[White "Gulamirian, Korun"]
[Black "Romero Ruscalleda, Josep"]
[Result "0-1"]
[WhiteElo "1816"]
[BlackElo "2160"]
[PlyCount "94"]
[EventDate "2023.10.24"]
[EventType "swiss (blitz)"]
[EventRounds "11"]
[EventCountry "USA"]
[SourceTitle "Mega2024 Update 01"]
[Source "Chessbase"]
[SourceDate "2023.11.12"]
[SourceVersion "1"]
[SourceVersionDate "2023.11.12"]
[SourceQuality "1"]

1. e4 g6 2. f4 Bg7 3. Nf3 d6 4. d4 Nd7 5. Be3 c5 6. c3 cxd4 7. Bxd4 e5 8. fxe5 dxe5 9. Bf2 Ngf6 10. Bd3 0-0 11. 0-0 Ng4 12. Bh4 Qb6+ 13. Bf2 Qxb2 14. Nbd2 Nxf2 15. Rxf2 Qxc3 16. Bf1 Nb6 17. Rc1 Qe3 18. Nc4 Nxc4 19. Bxc4 Bg4 20. Qc2 Bxf3 21. gxf3 Bh6 22. Rcf1 Rac8 23. Qd3 Qxd3 24. Bxd3 Be3 25. Kg2 Bxf2 26. Rxf2 Rc3 27. Bc2 Rfc8 28. Bb3 Kg7 29. f4 exf4 30. Rxf4 R8c7 31. Bd5 b5 32. h4 h5 33. e5 a5 34. e6 fxe6 35. Bxe6 b4 36. Bb3 R3c5 37. Rd4 Re5 38. Rd6 Re2+ 39. Kf3 Rh2 40. Kg3 Rb2 41. Rd8 Rc3+ 42. Kf4 Rf2+ 43. Ke4 Re2+ 44. Kf4 Rh3 45. Rg8+ Kh7 46. Ra8 Rxh4+ 47. Kf3 Re5 0-1

[Event "Titled Tuesday intern op 24th Oct Late"]
[Site "Chess.com INT"]
[Date "2023.10.24"]
[Round "4"]
[White "Romero Ruscalleda, Josep"]
[Black "Toniutti, Ezio"]
[Result "0-1"]
[WhiteElo "2160"]
[BlackElo "2184"]
[PlyCount "74"]
[EventDate "2023.10.24"]
[EventType "swiss (blitz)"]
[EventRounds "11"]
[EventCountry "USA"]
[SourceTitle "Mega2024 Update 01"]
[Source "Chessbase"]
[SourceDate "2023.11.12"]
[SourceVersion "1"]
[SourceVersionDate "2023.11.12"]
[SourceQuality "1"]

1. e4 e5 2. Nf3 Nc6 3. Bc4 Nf6 4. d4 exd4 5. e5 d5 6. Bb5 Ne4 7. Nxd4 Bc5 8. Be3 0-0 9. Bxc6 bxc6 10. 0-0 Bd7 11. Nd2 Nxd2 12. Qxd2 Qe7 13. Rfe1 Qxe5 14. Nxc6 Bxe3 15. Rxe3 Qxb2 16. Ne7+ Kh8 17. Rae1 c6 18. Qd3 Qxa2 19. f4 Rab8 20. f5 Rb1 21. Rxb1 Qxb1+ 22. Kf2 Qb6 23. g4 Re8 24. Kg2 f6 25. Qe2 Qd8 26. h4 d4 27. Re4 c5 28. Kg1 Qa8 29. g5 Bxf5 30. Rf4 Bg6 31. gxf6 gxf6 32. Rxf6 Qb8 33. Nxg6+ hxg6 34. Qf2 Qe5 35. Rxg6 Qe1+ 36. Kg2 Re2 37. Rh6+ Kg7 0-1

[Event "Titled Tuesday intern op 19th Sep Late"]
[Site "Chess.com INT"]
[Date "2023.09.19"]
[Round "11"]
[White "Romero Ruscalleda, Josep"]
[Black "Goltsev, Dmitry"]
[Result "0-1"]
[WhiteElo "2160"]
[BlackElo "2238"]
[PlyCount "102"]
[EventDate "2023.09.19"]
[EventType "swiss (blitz)"]
[EventRounds "11"]
[EventCountry "USA"]
[SourceTitle "EXT 2024"]
[Source "ChessBase"]
[SourceDate "2023.10.10"]
[SourceVersion "1"]
[SourceVersionDate "2023.10.10"]
[SourceQuality "1"]

1. e4 e6 2. d4 d5 3. e5 c5 4. c3 Nc6 5. Be3 cxd4 6. cxd4 Nge7 7. Nf3 Nf5 8. Nc3 h5 9. Bd3 Be7 10. 0-0 g5 11. Qb3 g4 12. Bxf5 gxf3 13. Bh3 fxg2 14. Bxg2 h4 15. h3 Bd7 16. Kh1 Na5 17. Qc2 Nc4 18. b3 Na3 19. Qd2 Rc8 20. Rac1 Bb4 21. Bg5 Qa5 22. Qf4 Rg8 23. Ne2 Nc2 24. Qxh4 Bd2 25. Bxd2 Qxd2 26. Nf4 Qxd4 27. Qh7 Ke7 28. Ne2 Qd2 29. Qh4+ Qg5 30. Qxg5+ Rxg5 31. f4 Rgg8 32. Rfd1 Ne3 33. Rxc8 Rxc8 34. Rd2 Bb5 35. Nd4 Rc1+ 36. Kh2 Bf1 37. Nf3 Bxg2 38. Rxg2 Nxg2 39. Kxg2 Ra1 40. Kg3 Rxa2 41. h4 Rb2 42. h5 Rxb3 43. h6 Kf8 44. Kg4 Rb1 45. Nh4 Rg1+ 46. Kh5 Kg8 47. f5 a5 48. Ng6 fxg6+ 49. fxg6 a4 50. g7 Kh7 51. Kh4 a3 0-1

[Event "Titled Tuesday intern op 19th Sep Late"]
[Site "Chess.com INT"]
[Date "2023.09.19"]
[Round "3"]
[White "Romero Ruscalleda, Josep"]
[Black "Joie, Sebastien"]
[Result "1-0"]
[WhiteElo "2160"]
[BlackElo "2399"]
[PlyCount "173"]
[EventDate "2023.09.19"]
[EventType "swiss (blitz)"]
[EventRounds "11"]
[EventCountry "USA"]
[SourceTitle "EXT 2024"]
[Source "ChessBase"]
[SourceDate "2023.10.10"]
[SourceVersion "1"]
[SourceVersionDate "2023.10.10"]
[SourceQuality "1"]

1. e4 c5 2. c3 d5 3. exd5 Qxd5 4. Nf3 Nc6 5. Na3 Bg4 6. Be2 e5 7. 0-0 Nf6 8. Re1 Be7 9. d4 e4 10. Nd2 Bxe2 11. Qxe2 cxd4 12. Nb5 Rc8 13. c4 Qd7 14. Nxe4 0-0 15. Bf4 a6 16. Nxf6+ Bxf6 17. Nd6 Rcd8 18. Ne4 Be7 19. Rad1 Rfe8 20. Qf3 f5 21. Nd2 g5 22. Qg3 Kh8 23. Be5+ Kg8 24. Nf3 f4 25. Bxf4 Kh8 26. Bxg5 Bxg5 27. Qxg5 Rg8 28. Qf6+ Qg7 29. Qxg7+ Rxg7 30. Re4 Rgd7 31. a3 Kg7 32. Rd3 Kf6 33. Kf1 Kf5 34. Rh4 Kg6 35. Ke2 b5 36. cxb5 axb5 37. Kd2 Na5 38. Kc2 Rc7+ 39. Kb1 Rcd7 40. Rhxd4 Rxd4 41. Rxd4 Re8 42. Rd6+ Kf5 43. Rb6 Re2 44. Rxb5+ Kg4 45. Rxa5 Rxf2 46. Rg5+ Kf4 47. Rg7 h5 48. Nh4 Ke4 49. Rg5 Kd4 50. Rxh5 Kc4 51. Ka2 Kd3 52. Rg5 Kc2 53. Ng6 Kc1 54. Rc5+ Kd1 55. g4 Rxh2 56. g5 Rg2 57. Ne7 Re2 58. Nd5 Rg2 59. Nc3+ Kc1 60. Na4+ Kd1 61. Nb6 Kd2 62. a4 Rg4 63. b3 Kd3 64. Ka3 Rg1 65. a5 Ra1+ 66. Kb4 Kd4 67. Rc4+ Ke5 68. g6 Rg1 69. Rc6 Kd4 70. a6 Ra1 71. Na4 Kd5 72. Rc5+ Kd6 73. a7 Rd1 74. a8Q Rd4+ 75. Ka3 Rd1 76. Qd8+ Ke6 77. Qxd1 Kf6 78. Qf1+ Kg7 79. Rc7+ Kh6 80. Qh3+ Kg5 81. Qg3+ Kf6 82. Qf4+ Ke6 83. Qe4+ Kf6 84. g7 Kg5 85. g8Q+ Kh6 86. Qgh7+ Kg5 87. Qeh4# 1-0

[Event "Titled Tuesday intern op 22nd Aug Early"]
[Site "Chess.com INT"]
[Date "2023.08.22"]
[Round "6"]
[White "Baziuk, Vladyslav"]
[Black "Romero Ruscalleda, Josep"]
[Result "0-1"]
[WhiteElo "2211"]
[BlackElo "2160"]
[PlyCount "52"]
[EventDate "2023.08.22"]
[EventType "swiss (blitz)"]
[EventRounds "11"]
[EventCountry "USA"]
[SourceTitle "EXT 2024"]
[Source "ChessBase"]
[SourceDate "2023.10.10"]
[SourceVersion "1"]
[SourceVersionDate "2023.10.10"]
[SourceQuality "1"]

1. e4 g6 2. d4 Bg7 3. Nc3 d6 4. Be3 a6 5. Qd2 b5 6. h4 h5 7. Nh3 Bxh3 8. Rxh3 Nf6 9. f3 Nbd7 10. Bd3 Rc8 11. d5 c5 12. dxc6 Rxc6 13. 0-0-0 Nc5 14. Kb1 0-0 15. Bh6 Nxd3 16. cxd3 b4 17. Ne2 Qb6 18. d4 Rfc8 19. Bxg7 Kxg7 20. e5 Nd5 21. Ka1 dxe5 22. dxe5 Ne3 23. Rdh1 Rc2 24. Qd3 Rd8 25. Qe4 Rdd2 26. f4 Rxe2 0-1

[Event "Titled Tuesday intern op 22nd Aug Early"]
[Site "Chess.com INT"]
[Date "2023.08.22"]
[Round "2"]
[White "Karthik, Rajaa"]
[Black "Romero Ruscalleda, Josep"]
[Result "1-0"]
[WhiteElo "2310"]
[BlackElo "2160"]
[PlyCount "61"]
[EventDate "2023.08.22"]
[EventType "swiss (blitz)"]
[EventRounds "11"]
[EventCountry "USA"]
[SourceTitle "EXT 2024"]
[Source "ChessBase"]
[SourceDate "2023.10.10"]
[SourceVersion "1"]
[SourceVersionDate "2023.10.10"]
[SourceQuality "1"]

1. Nf3 g6 2. d4 Bg7 3. e4 d6 4. Nc3 a6 5. a4 Nc6 6. d5 Ne5 7. Nd4 c5 8. Nde2 Nf6 9. h3 Rb8 10. Ng3 0-0 11. Be2 Qc7 12. 0-0 e6 13. f4 Ned7 14. Kh1 exd5 15. exd5 Re8 16. f5 Ne5 17. Bg5 Nfd7 18. Nce4 f6 19. Bf4 Rf8 20. Bg4 Nf7 21. fxg6 hxg6 22. Be6 Nde5 23. Bxe5 fxe5 24. Qg4 Bxe6 25. dxe6 Nh6 26. Qxg6 Rxf1+ 27. Rxf1 Rf8 28. Nf6+ Rxf6 29. Rxf6 Qe7 30. Nh5 e4 31. Rf7 1-0

[Event "Titled Tuesday intern op 22nd Aug Late"]
[Site "Chess.com INT"]
[Date "2023.08.22"]
[Round "2"]
[White "Kushko, Dmitriy"]
[Black "Romero Ruscalleda, Josep"]
[Result "1-0"]
[WhiteElo "2426"]
[BlackElo "2160"]
[PlyCount "95"]
[EventDate "2023.08.22"]
[EventType "swiss (blitz)"]
[EventRounds "11"]
[EventCountry "USA"]
[SourceTitle "EXT 2024"]
[Source "ChessBase"]
[SourceDate "2023.10.10"]
[SourceVersion "1"]
[SourceVersionDate "2023.10.10"]
[SourceQuality "1"]

1. Nf3 g6 2. d4 Bg7 3. e4 d6 4. Nc3 a6 5. Be3 b5 6. h4 h5 7. Ng5 Nf6 8. f3 Nbd7 9. Bd3 e5 10. d5 Nc5 11. Bxc5 dxc5 12. a4 b4 13. Nb1 0-0 14. Nd2 Ne8 15. Nb3 Qe7 16. Qe2 Bb7 17. Qf2 c6 18. Qxc5 Nd6 19. dxc6 Rfc8 20. Na5 Rab8 21. Nxb7 Rxb7 22. cxb7 Rxc5 23. b8Q+ Bf8 24. Qxb4 Rc7 25. 0-0 Qf6 26. Qd2 Bh6 27. Bxa6 Kg7 28. a5 Qe7 29. Bd3 f6 30. Rfd1 fxg5 31. Bf1 Nf7 32. a6 gxh4 33. Qf2 Ra7 34. Bc4 Ng5 35. Ra5 h3 36. Rxe5 h2+ 37. Kh1 Qxe5 38. Qxa7+ Kf6 39. Qb6+ Ke7 40. Qd6+ Qxd6 41. Rxd6 Kxd6 42. a7 Nxe4 43. fxe4 Be3 44. a8Q Bg1 45. Qd5+ Ke7 46. e5 g5 47. Qd6+ Ke8 48. e6 1-0